MARC

LEADER 00000nam0a2200000 4500
001 214516
005 20231031193617.0
035 |a (RuTPU)RU\TPU\book\234388 
090 |a 214516 
100 |a 20120425d1970 m y0rusy50 ca 
101 0 |a rus 
102 |a RU 
105 |a y z 001zy 
200 1 |a Объяснение - функция науки  |f Е. П. Никитин  |g Академия наук СССР (АН СССР), Институт философии (ИФ) 
210 |a Москва  |c Наука  |d 1970 
215 |a 280 с. 
320 |a Библиогр.: с. 256-268. 
320 |a Указатель имен: с. 269-278. 
610 1 |a наука 
610 1 |a объяснение 
610 1 |a научное познание 
675 |a 1М  |v 3 
700 1 |a Никитин  |b Е. П.  |g Евгений Петрович 
712 0 2 |a Академия наук СССР (АН СССР)  |b Институт философии (ИФ)  |2 stltpush  |3 (RuTPU)RU\TPU\col\11338 
801 1 |a RU  |b 63413507  |c 20120425 
801 2 |a RU  |b 63413507  |c 20190212  |g RCR 
942 |c BK